Online
Catalog

La carrera diplomática y consular en la República Dominicana / (Record no. 51318)

MARC details
000 -CABECERA
campo de control de longitud fija 01891nam a22003017a 4500
003 - IDENTIFICADOR DEL NÚMERO DE CONTROL
campo de control DO-SdBNP
005 - FECHA Y HORA DE LA ÚLTIMA TRANSACCIÓN
campo de control 20220713122745.0
007 - CAMPO FIJO DE DESCRIPCIÓN FÍSICA--INFORMACIÓN GENERAL
campo de control de longitud fija ta
008 - DATOS DE LONGITUD FIJA--INFORMACIÓN GENERAL
campo de control de longitud fija 220203b2019 dr ||||| |||| 00| 0 spa d
020 ## - NÚMERO INTERNACIONAL ESTÁNDAR DEL LIBRO
Número Internacional Estándar del Libro 9789945803563
040 ## - FUENTE DE LA CATALOGACIÓN
Centro catalogador/agencia de origen DO-SdBNP
Lengua de catalogación spa
Centro/agencia transcriptor BNPHU
082 #4 - NÚMERO DE LA CLASIFICACIÓN DECIMAL DEWEY
Número de clasificación 327.7293
Número de edición 22
Número de documento/Ítem C389c
100 1# - ENTRADA PRINCIPAL--NOMBRE DE PERSONA
Nombre de persona Cedeño, Zoila
9 (RLIN) 81109
245 13 - MENCIÓN DE TÍTULO
Título La carrera diplomática y consular en la República Dominicana /
Mención de responsabilidad, etc. Zoila María Cedeño Martínez ; prólogo Luis González.
260 ## - PUBLICACIÓN, DISTRIBUCIÓN, ETC.
Lugar de publicación, distribución, etc. Santo Domingo :
Nombre del editor, distribuidor, etc. Amigo del Hogar
Fecha de publicación, distribución, etc. 2019.
300 ## - DESCRIPCIÓN FÍSICA
Extensión 370 p. ;
Dimensiones 23 cm.
500 ## - NOTA GENERAL
Nota general Incluye datos biográficos de la autora en las solapas.
500 ## - NOTA GENERAL
Nota general Incluye referencias bibliográficas y notas al pie de las páginas.
504 ## - NOTA DE BIBLIOGRAFÍA, ETC.
Nota de bibliografía, etc. Bibliografía : p. 361-370
505 0# - NOTA DE CONTENIDO CON FORMATO
Nota de contenido con formato Dedicatoria --
Título Agradecimientos --
-- Presebtación de la autora --
-- Prólogo --
Información miscelánea Capítulo I.
Título Orígenes de la diplomacia : definiciones y conceptualizaciones --
Información miscelánea Capítulo II
Título La diferentes etapas históricas de la diplomacia --
Información miscelánea Capítulo III
Título Los aportes de la diplomacia dominicana al derecho interamericano --
Información miscelánea Capítulo IV
Título La carrera diplomática y consular en la República Dominicana --
Información miscelánea Capítulo V
Título El Instituto Superior de Educación y Formación Diplomática y Consular (INESDYC) --
Información miscelánea Capítulo VI
Título Ley orgánica 630-16 del Ministerio de Relaciones Exteriores --
Información miscelánea Capítulo VII
Título Las cuatro funciones diplomática --
Información miscelánea Capítulo VIII
Título Los lineamientos de la política exterior dominicana de los nuevos tirmpos en manos del canciller Miguel Vargas Maldonado --
-- Anexos
590 ## - NOTA LOCAL (RLIN)
Nota local Inventariado, 2022 /LP<br/><br/><br/>
650 #4 - PUNTO DE ACCESO ADICIONAL DE MATERIA--TÉRMINO DE MATERIA
Término de materia o nombre geográfico como elemento de entrada Diplomatas
Subdivisión geográfica República Dominicana
9 (RLIN) 81999
651 #4 - PUNTO DE ACCESO ADICIONAL DE MATERIA--NOMBRE GEOGRÁFICO
Nombre geográfico República Dominicana
Subdivisión general Servicio diplomático y consular
9 (RLIN) 3000
651 #4 - PUNTO DE ACCESO ADICIONAL DE MATERIA--NOMBRE GEOGRÁFICO
Nombre geográfico República Dominicana
Subdivisión general Relaciones exteriores
9 (RLIN) 2258
700 1# - PUNTO DE ACCESO ADICIONAL--NOMBRE DE PERSONA
Nombre de persona González, Luis,
Término indicativo de función/relación pról.
9 (RLIN) 33604
910 ## - DATOS DE OPCIÓN DEL USUARIO (OCLC)
Datos de opción del usuario Lopérez.
942 ## - ELEMENTOS DE PUNTO DE ACCESO ADICIONAL (KOHA)
Fuente del sistema de clasificación o colocación Dewey Decimal Classification
Tipo de ítem Koha Libro
Holdings
Estado de retiro Estado de pérdida Fuente del sistema de clasificación o colocación Restricciones de uso No para préstamo Código de colección Localización permanente Ubicación/localización actual Ubicación en estantería Fecha de adquisición Fuente de adquisición Signatura topográfica completa Código de barras Fecha visto por última vez Precio válido a partir de Tipo de ítem Koha Número de copia
    Dewey Decimal Classification Préstamo restringido   Patrimonio Dominicano Biblioteca Nacional Pedro Henríquez Ureña Biblioteca Nacional Pedro Henríquez Ureña Depósito 03.02.2022 Depósito Legal BNPHU PD 327.7293 C389c 2022-0520 03.02.2022 03.02.2022 Libro  
    Dewey Decimal Classification Préstamo restringido   Patrimonio Dominicano Biblioteca Nacional Pedro Henríquez Ureña Biblioteca Nacional Pedro Henríquez Ureña Depósito 03.02.2022 Depósito Legal BNPHU PD 327.7293 C389c 2022-0521 03.02.2022 03.02.2022 Libro e.2

Powered by Koha